01001nam a2200217 i 450000100060000000300090000600500170001500700030003200800410003510000510007624502060012726000570033330000210039050000630041171000420047471000310051674000380054785200340058599900170061995201470063625819ES-MaACL20260115063024.0t|030103s1959 sp ||||1| spa d1 aAreilza, José María de, d1909-199892257510aPresente y futuro de las relaciones económicas entre España y los Estados Unidos b: conferencia pronunciada en la Sociedad Bilbaína el 10 de septiembre de 1959 / cpor José María de Areilza. aBilbao : bUniversidad Comercial de Deusto, c[1959] a29 p. ; c23 cm. aEs separata de: Boletín de Estudios Económicos, n. 47.2 aUniversidad Comercial de Deusto970962 aSociedad Bilbaína 966430 aBoletin de Estudios Económicos. aES-MaACLj2016-F-18 bR.44779 c25819d25819 001040708Colección_de_folletosaATENEOMbATENEOMcDEPOFd2008-01-17eSCl0o2016-F-18p1026632r2023-02-23 00:00:00w2023-02-23yFOLLETOS